000 00498nam a2200169 i 4500
001 95784
003 ES-MaACL
005 20230906181755.0
007 t|
008 050606s1973 sp ||||1| spa d
100 1 _aMace, Myles L.
_975131
245 1 0 _aPromoción y formación de ejecutivos /
_cMyles L. Mace; traducción de Juan Godo Costa.
260 _aBarcelona :
_bLabor,
_c1973.
300 _a193 p. ;
_c23 cm.
700 1 _aGodo Costa, Juan.
_957532
852 _aES-MaACL
_jC-53973
_bR.86945
999 _c95784
_d95784